Untersuchungen im Totentempel des Merenptah in Theben

محفوظ في:

المؤلف الرئيسي: Horst Jaritz

مؤلفون آخرون:  Brigitte Dominicus; Susanne Bickel; David A Aston

التنسيق: كتاب

اللغة: Undetermined

منشور في: Stuttgart F. Steiner, 1997-<2004> 1997-2008

سلاسل: Beiträge zur ägyptischen Bauforschung und Altertumskunde, Band 15, 16, 17, 21

الموضوعات:

الوسوم: إضافة وسم

لا توجد وسوم, كن أول من يضع وسما على هذه التسجيلة!

رقم الطلب: NA215 .B4 v.15-16

LEADER 01602nam a2200241Ia 4500
008 220904s9999||||xx |||||||||||||| ||und||
020 |a 3805333706  
050 |a NA215 .B4 v.15-16 
100 1 |a Horst Jaritz 
245 1 0 |a Untersuchungen im Totentempel des Merenptah in Theben  |c Horst Jaritz, Brigitte Dominicus; Susanne Bickel; David A Aston 
264 1 |a Stuttgart  |b F. Steiner, 1997-<2004>  |c 1997-2008 
300 |b volumes : illustrations   |c 34cm. 
490 0 |a Beiträge zur ägyptischen Bauforschung und Altertumskunde, Band 15, 16, 17, 21 
504 |a Later volumes published by von Zabern, Mainz am Rhein and PeWe-Verlag. 
505 0 |a  Bd. 2. Die Dekoration und Ausstattung des Tempels / von Brigitte Dominicus ; mit einem Beitrag von Horst Jaritz -- Bd. 3. Tore und andere Wiederverwendete Bauteile Amenophis' III / von Susanne Bickel -- Bd. 4. The pottery / by David A. Aston, with contributions by Brigitte Dominicus, Paul O. Ford, Horst Jaritz -- Bd. 5. Konservierungsarbeiten und Herrichtung des Grabungsplatzes / Horst Jaritz [and 5 others] 
650 4 |a Egypt -- Antiquities. 
650 4 |a Mortuary Temple of Merneptah (Thebes, Egypt) 
650 4 |a Thebes (Egypt : Extinct city) 
700 1 |a  Brigitte Dominicus; Susanne Bickel; David A Aston 
942 |2 lcc  |c BK 
952 |0 0  |1 0  |2 lcc  |3 V.15  |4 0  |7 1  |9 42772  |a ARCE  |b ARCE  |d 2022-09-04  |l 0  |o (F)NA215 .B4 v.15-16  |p 1021415  |r 2022-09-04 00:00:00  |w 2022-09-04  |y BK 
952 |0 0  |1 0  |2 lcc  |3 V.16  |4 0  |6 NA0215 B4 V.00015-00016  |7 1  |9 61816  |a ARCE  |b ARCE  |d 2024-02-12  |l 0  |o NA215 .B4 v.15-16  |p 1021416  |r 2024-02-12 00:00:00  |w 2024-02-12  |y BK 
999 |c 49445  |d 49445